Előadások a Politikai Akadémián
Elmentve itt :
| Dokumentumtípus: | Cikk |
|---|---|
| Megjelent: |
1966-01-30
|
| Sorozat: | Délmagyarország
56 No. 25 |
| Kulcsszavak: | Héderné Kozák Rózsa, Előadás politikai Szeged 1966, Előadás - politikai akadémia |
| Online Access: | http://dmarchiv.bibl.u-szeged.hu/55607 |
| LEADER | 00480nab a2200145 i 4500 | ||
|---|---|---|---|
| 001 | delm55607 | ||
| 005 | 20180927141848.0 | ||
| 008 | 180927s1966 hu o 0|| hun d | ||
| 040 | |a SZTE Délmagyarország Archívum |b hun | ||
| 041 | |a hun | ||
| 245 | 0 | 0 | |a Előadások a Politikai Akadémián |h [elektronikus dokumentum] |
| 260 | |c 1966-01-30 | ||
| 300 | |a 11 | ||
| 490 | 0 | |a Délmagyarország |v 56 No. 25 | |
| 695 | |a Héderné Kozák Rózsa, Előadás politikai Szeged 1966, Előadás - politikai akadémia | ||